[Event "Moscow Open A 2013"]
[Site "Moscow RUS"]
[Date "2013.02.04"]
[Round "3.4"]
[White "Demchenko, Anton"]
[Black "Hayrapetyan, Hovik"]
[Result "1/2-1/2"]
[WhiteTitle "GM"]
[BlackTitle "IM"]
[WhiteElo "2627"]
[BlackElo "2500"]
[WhiteFideId "4160258"]
[BlackFideId "13302639"]
[EventDate "2013.02.02"]

1. e4 c5 2. Nf3 e6 3. d4 cxd4 4. Nxd4 a6 5. Bd3 Nf6 6. O-O Qc7 7. Qe2 d6 8. c4
g6 9. Nc3 Bg7 10. Rd1 O-O 11. Bc2 Nbd7 12. Nf3 Ng4 13. Bf4 Nge5 14. Bb3 Re8 15.
Rac1 b6 16. Ba4 Rd8 17. Bxd7 Bxd7 18. Nxe5 dxe5 19. Be3 Be8 20. Rxd8 Rxd8 21. c5
b5 22. b4 Qb7 23. f3 Bc6 24. Rd1 Rxd1+ 25. Qxd1 Qd7 26. Qe2 Qb7 27. a3 Bf6 28.
Nd1 Bd8 29. Bd2 Qd7 30. Bc3 f6 31. Nf2 Kg7 32. h4 h6 33. Qe3 g5 34. Kf1 Bc7 35.
Ke2 Qe8 36. hxg5 hxg5 37. Kd2 Qh5 38. Qe2 Qh2 39. Ng4 Qg1 40. Kc2 Kg6 41. Kb2
Qh1 42. Ne3 Qg1 43. Ng4 Qh1 44. Kc2 Qg1 45. Bb2 Qh1 46. Ne3 Qh8 47. Qf1 Qh2 48.
Qe2 Qh8 49. Nd1 Qe8 50. Nc3 Qc8 51. Bc1 Qe8 52. Be3 Qh8 53. Kb2 Qe8 54. Qf1 Qh8
55. Kc2 Kg7 56. Qf2 Qh2 57. Kb2 Kg6 58. Qe2 Qh8 59. Qf1 Kg7 60. Kc2 Kg6 61. Bc1
Kg7 62. Bb2 Kg6 63. Qg1 Kf7 64. Nd1 Qh4 65. Bc3 f5 66. exf5 exf5 67. Ne3 Ke6 68.
Qb1 Be4+ 69. fxe4 Qxe4+ 70. Kb2 Qxe3 71. Qa2+ 1/2-1/2

[Event "Moscow Open A 2013"]
[Site "Moscow RUS"]
[Date "2013.02.04"]
[Round "3.5"]
[White "Venkatesh, M.R."]
[Black "Ganguly, Surya Shekhar"]
[Result "1-0"]
[WhiteTitle "GM"]
[BlackTitle "GM"]
[WhiteElo "2501"]
[BlackElo "2626"]
[WhiteFideId "5005779"]
[BlackFideId "5002150"]
[EventDate "2013.02.02"]

1. Nf3 d6 2. d4 Nf6 3. Nc3 Bf5 4. Nh4 Bd7 5. e4 e5 6. Nf3 Nc6 7. Be2 exd4 8.
Nxd4 g6 9. Be3 Bg7 10. O-O O-O 11. Qd2 Re8 12. f3 Qe7 13. Nb3 Be6 14. Bg5 a6 15.
Rae1 Qf8 16. Nd5 Bxd5 17. exd5 Ne7 18. c4 h6 19. Be3 b5 20. Bf2 Reb8 21. Rb1 Qc8
22. Rfe1 Qd7 23. Na5 Kh7 24. Bd3 Re8 25. b3 Rab8 26. Rxe7 Rxe7 27. Nc6 Ree8 28.
Nxb8 Rxb8 29. Qa5 Qc8 30. Re1 c6 31. dxc6 Qxc6 32. Re7 Nd7 33. Rxf7 bxc4 34.
Bxg6+ Kh8 35. Be4 d5 36. Qxd5 cxb3 37. Qxc6 bxa2 38. Qc1 1-0

[Event "Moscow Open A 2013"]
[Site "Moscow RUS"]
[Date "2013.02.04"]
[Round "3.6"]
[White "Kovalev, Vladislav"]
[Black "Svetushkin, Dmitry"]
[Result "1/2-1/2"]
[WhiteTitle "IM"]
[BlackTitle "GM"]
[WhiteElo "2500"]
[BlackElo "2612"]
[WhiteFideId "13504398"]
[BlackFideId "13900463"]
[EventDate "2013.02.02"]

1. e4 e5 2. Nf3 Nc6 3. Bb5 Nf6 4. O-O Nxe4 5. d4 Nd6 6. Bxc6 dxc6 7. dxe5 Nf5 8.
Qxd8+ Kxd8 9. Nc3 Bd7 10. b3 h6 11. Bb2 Be6 12. h3 c5 13. Rad1+ Kc8 14. Nd5 g5
15. c4 b6 16. Nd2 Kb7 17. Ne4 Bg7 18. Rd2 Rhd8 19. Rfd1 a5 20. Ndf6 Rxd2 21.
Rxd2 a4 22. Kh2 Kc6 23. Nh5 Bh8 24. f4 axb3 25. axb3 b5 26. cxb5+ Kxb5 27. fxg5
hxg5 28. Nxg5 Bxb3 29. Nf6 Bxf6 30. exf6 Re8 31. Kg1 Nd6 32. Kf2 Rg8 33. h4 Rxg5
34. hxg5 Ne4+ 35. Ke1 Nxd2 36. Kxd2 Kc6 37. Be5 Kd7 38. g3 Be6 39. Kc3 Bf5 40.
Bf4 Bg6 41. Kc4 1/2-1/2

[Event "Moscow Open A 2013"]
[Site "Moscow RUS"]
[Date "2013.02.04"]
[Round "3.7"]
[White "Kalegin, Evgenij"]
[Black "Sandipan, Chanda"]
[Result "0-1"]
[WhiteTitle "IM"]
[BlackTitle "GM"]
[WhiteElo "2475"]
[BlackElo "2590"]
[WhiteFideId "4103416"]
[BlackFideId "5004225"]
[EventDate "2013.02.02"]

1. e4 c5 2. Nf3 e6 3. Nc3 d6 4. g3 Nf6 5. Bg2 Be7 6. O-O a6 7. d3 Nc6 8. Ng5 d5
9. f4 dxe4 10. Ncxe4 Nxe4 11. Bxe4 h6 12. Nf3 Qc7 13. c3 Bd7 14. Ne5 Nxe5 15.
fxe5 Bc6 16. Qh5 O-O 17. Bxc6 Qxc6 18. Qg4 Kh7 19. Qh5 Qd7 20. Rf3 f5 21. exf6
Rxf6 22. Rxf6 Bxf6 23. Qxc5 Qxd3 24. Bf4 Rd8 25. Qf2 Rd4 26. Re1 Re4 27. Rxe4
Qxe4 28. a3 a5 29. Qe3 Qf5 30. Qd2 a4 31. Be3 b5 32. Bd4 e5 33. Be3 Qb1+ 34. Kf2
Qh1 35. Qd3+ e4 36. Qxb5 Qf3+ 0-1

[Event "Moscow Open A 2013"]
[Site "Moscow RUS"]
[Date "2013.02.04"]
[Round "3.8"]
[White "Debashis, Das"]
[Black "Ponkratov, Pavel"]
[Result "0-1"]
[WhiteTitle "IM"]
[BlackTitle "GM"]
[WhiteElo "2474"]
[BlackElo "2584"]
[WhiteFideId "5024854"]
[BlackFideId "4157800"]
[EventDate "2013.02.02"]

1. d4 d5 2. c4 c6 3. Nf3 Nf6 4. e3 Bg4 5. Qb3 Qb6 6. Nc3 e6 7. Nh4 Bh5 8. h3 Na6
9. g4 Qxb3 10. axb3 Nb4 11. Ke2 Bg6 12. Nxg6 hxg6 13. Bg2 Be7 14. Bd2 Na6 15.
Rhc1 Nc7 16. Be1 a6 17. f3 O-O-O 18. Bf2 g5 19. e4 Kb8 20. Be3 Nh7 21. Kf2 Nf8
22. cxd5 exd5 23. exd5 Nxd5 24. Nxd5 Rxd5 25. f4 Rb5 26. Rc3 Ne6 27. fxg5 Bxg5
28. Rd1 Bxe3+ 29. Rxe3 Nf4 30. Bf1 Rd5 31. Kg3 g5 32. Re5 Rxe5 33. dxe5 Re8 34.
h4 Rxe5 35. h5 Kc7 36. Kf3 b5 37. Bd3 Nd5 38. Be4 Nf6 39. Bf5 Re8 40. h6 Nd5 41.
h7 Kd6 42. Ra1 Rh8 43. Rxa6 Ne7 44. Bd3 f5 45. gxf5 Rxh7 46. Kg4 Rh2 47. f6 Nd5
48. f7 Rf2 49. Ra7 Ne7 50. Kxg5 Rxf7 51. Rb7 Rf3 52. Bc2 Nd5 53. Rh7 Rf2 54. Be4
Ke5 55. Bxd5 Kxd5 56. Rh3 Rxb2 0-1

[Event "Moscow Open A 2013"]
[Site "Moscow RUS"]
[Date "2013.02.04"]
[Round "3.10"]
[White "Maletin, Pavel"]
[Black "Glek, Igor"]
[Result "1/2-1/2"]
[WhiteTitle "GM"]
[BlackTitle "GM"]
[WhiteElo "2571"]
[BlackElo "2431"]
[WhiteFideId "4146786"]
[BlackFideId "4100484"]
[EventDate "2013.02.02"]

1. Nf3 Nf6 2. c4 g6 3. g3 c6 4. d4 d5 5. b3 a5 6. Nc3 a4 7. cxd5 axb3 8. dxc6
Nxc6 9. Qxb3 Nxd4 10. Nxd4 Qxd4 11. Be3 Qe5 12. Qb5+ Qxb5 13. Nxb5 Ra4 14. Nc7+
Kd7 15. Nb5 e6 16. O-O-O+ Nd5 17. Bd4 Bh6+ 18. f4 Rc4+ 19. Kb1 Rb4+ 20. Ka1 Rxd4
21. Nxd4 Bg7 22. Rd2 Ne3 23. Kb1 Ke7 24. Rd3 Bd7 25. Nf3 Nc4 26. Bg2 Ra8 27. Nd4
Ra6 28. Rhd1 Ba4 29. Nb3 Nb2 30. Bxb7 Rb6 31. Bf3 Nxd1 32. Rxd1 Bxb3 33. axb3
Rxb3+ 34. Kc2 Rb2+ 35. Kd3 Rb3+ 36. Kc2 1/2-1/2

[Event "Moscow Open A 2013"]
[Site "Moscow RUS"]
[Date "2013.02.04"]
[Round "3.12"]
[White "Shukh, Nikolai"]
[Black "Goganov, Aleksey"]
[Result "1/2-1/2"]
[WhiteTitle "IM"]
[BlackTitle "IM"]
[WhiteElo "2413"]
[BlackElo "2550"]
[WhiteFideId "24102580"]
[BlackFideId "24109959"]
[EventDate "2013.02.02"]

1. e4 e5 2. Nf3 Nc6 3. Bb5 Nf6 4. d3 Bc5 5. c3 O-O 6. O-O d6 7. Nbd2 a6 8. Ba4
Ba7 9. h3 Ne7 10. Re1 Ng6 11. Nf1 h6 12. Ng3 d5 13. Qe2 c6 14. Be3 Bxe3 15. Qxe3
Re8 16. Rad1 Qc7 17. Qc1 Be6 18. Bc2 Rad8 19. d4 dxe4 20. Nxe5 Nxe5 21. dxe5
Rxd1 22. Qxd1 Rd8 23. Qc1 Qxe5 24. Nxe4 Nxe4 25. Rxe4 Qg5 26. Qe1 Kf8 27. Re3
Bd5 28. Rg3 Re8 29. Qxe8+ Kxe8 30. Rxg5 hxg5 31. Bb3 Bxb3 32. axb3 Ke7 33. Kf1
a5 34. Ke2 Ke6 35. Kf3 Kf5 36. Ke3 Ke5 37. Kf3 Kf5 38. Ke3 Ke5 39. Kf3 Kd5 40.
Ke3 b5 41. Kd3 a4 42. b4 c5 43. g3 cxb4 44. cxb4 f5 45. g4 f4 46. f3 Ke5 1/2-1/2

[Event "Moscow Open A 2013"]
[Site "Moscow RUS"]
[Date "2013.02.04"]
[Round "3.15"]
[White "Golubov, Saveliy"]
[Black "Pridorozhni, Aleksei"]
[Result "1/2-1/2"]
[BlackTitle "GM"]
[WhiteElo "2224"]
[BlackElo "2523"]
[WhiteFideId "24176729"]
[BlackFideId "4127870"]
[EventDate "2013.02.02"]

1. e4 e5 2. Nf3 Nc6 3. Bc4 Nf6 4. d3 Be7 5. O-O O-O 6. Re1 d6 7. c3 Na5 8. Bb5
a6 9. Ba4 b5 10. Bc2 c5 11. Nbd2 Nc6 12. Nf1 Re8 13. h3 h6 14. Ng3 Bf8 15. d4
cxd4 16. cxd4 exd4 17. Nxd4 Bb7 18. Nxc6 Bxc6 19. Bf4 Qb6 20. Be3 Qb7 21. Bd4
Nd7 22. a3 Rad8 23. Bc3 Ne5 24. Bb3 Bd7 25. Bd5 Bc6 26. Bb3 Bd7 27. Bd5 Bc6 1/2-1/2

[Event "Moscow Open A 2013"]
[Site "Moscow RUS"]
[Date "2013.02.05"]
[Round "4.4"]
[Board "4"]
[White "Ponkratov, Pavel"]
[Black "Venkatesh, M.R."]
[Result "1-0"]
[WhiteTitle "GM"]
[BlackTitle "GM"]
[WhiteElo "2584"]
[BlackElo "2501"]
[WhiteFideId "4157800"]
[BlackFideId "5005779"]
[EventDate "2013.02.02"]

1. e4 e5 2. Nf3 Nc6 3. Bc4 Nf6 4. d3 Bc5 5. c3 a6 6. O-O Ba7 7. Bb3 d6 8. Kh1 h6
9. Be3 Qe7 10. Nbd2 Bd7 11. Bxa7 Nxa7 12. d4 g5 13. Nc4 O-O-O 14. Qc2 g4 15.
Nfd2 Kb8 16. Ne3 h5 17. Bc4 Ka8 18. f4 g3 19. h3 Be6 20. Rae1 Ng4 21. f5 Nf2+
22. Kg1 Bxc4 23. Ndxc4 Rhg8 24. Nd5 Qh4 25. dxe5 b5 26. Na5 Kb8 27. c4 c5 28.
Re3 b4 29. a3 dxe5 30. axb4 Nxh3+ 31. gxh3 g2 32. Rf2 Rg3 33. Rxg3 Qxg3 34. Qc3 1-0

[Event "Moscow Open A 2013"]
[Site "Moscow RUS"]
[Date "2013.02.05"]
[Round "4.6"]
[Board "6"]
[White "Pridorozhni, Aleksei"]
[Black "Najer, Evgeniy"]
[Result "1/2-1/2"]
[WhiteTitle "GM"]
[BlackTitle "GM"]
[WhiteElo "2523"]
[BlackElo "2647"]
[WhiteFideId "4127870"]
[BlackFideId "4118987"]
[EventDate "2013.02.02"]

1. e4 c5 2. Nf3 e6 3. d4 cxd4 4. Nxd4 Nc6 5. Nxc6 bxc6 6. Bd3 Nf6 7. O-O d5 8.
Nd2 Be7 9. Qe2 O-O 10. b3 a5 11. Bb2 a4 12. Nf3 Bb7 13. Rfe1 Nd7 14. exd5 cxd5
15. Ne5 Nxe5 16. Bxe5 Bf6 17. Rad1 Qe7 18. f4 g6 19. Bxf6 Qxf6 20. Qe5 Qxe5 21.
fxe5 axb3 22. axb3 Ba6 23. Kf2 Bxd3 24. Rxd3 Rfc8 25. Re2 Ra1 26. Ke3 Rc1 27.
Rdd2 h5 28. Kd3 Kg7 29. Rf2 Rh1 30. h3 Re1 31. Rde2 Rd1+ 32. Rd2 Rc1 33. Rde2
Rc7 34. Rf3 Rd1+ 35. Rd2 Re1 36. Re3 Rf1 37. Ree2 Kf8 38. c4 Ke7 39. Ra2 Rd1+
40. Red2 Rb1 41. Rdb2 Rd1+ 42. Rd2 Rb1 1/2-1/2

[Event "Moscow Open A 2013"]
[Site "Moscow RUS"]
[Date "2013.02.05"]
[Round "4.7"]
[Board "7"]
[White "Iljushin, Alexei"]
[Black "Iturrizaga, Eduardo"]
[Result "1/2-1/2"]
[WhiteTitle "GM"]
[BlackTitle "GM"]
[WhiteElo "2508"]
[BlackElo "2646"]
[WhiteFideId "4122178"]
[BlackFideId "3901211"]
[EventDate "2013.02.02"]

1. d4 Nf6 2. c4 e6 3. g3 c5 4. d5 exd5 5. cxd5 d6 6. Nc3 g6 7. Bg2 Bg7 8. Nf3
O-O 9. O-O Re8 10. Bf4 a6 11. a4 Nh5 12. Bg5 Qc7 13. Qc1 Nd7 14. Bh6 Bh8 15. h3
Ne5 16. Nxe5 Bxe5 17. g4 Nf6 18. e3 Nd7 19. Ne4 f5 20. gxf5 gxf5 21. Ng5 Nf8 22.
f4 Bg7 23. Bxg7 Qxg7 24. Rf3 h6 25. Rg3 hxg5 26. Rxg5 Ng6 27. h4 Kh8 28. Rh5+
Kg8 29. Rg5 Kh8 30. Rh5+ Kg8 31. Rg5 Kh8 1/2-1/2

[Event "Moscow Open A 2013"]
[Site "Moscow RUS"]
[Date "2013.02.05"]
[Round "4.9"]
[Board "9"]
[White "Chernobay, Artem"]
[Black "Demchenko, Anton"]
[Result "1-0"]
[WhiteTitle "GM"]
[BlackTitle "GM"]
[WhiteElo "2499"]
[BlackElo "2627"]
[WhiteFideId "4167406"]
[BlackFideId "4160258"]
[EventDate "2013.02.02"]

1. e4 c5 2. Nf3 d6 3. d4 cxd4 4. Nxd4 Nf6 5. Nc3 a6 6. Bg5 Nbd7 7. Bc4 Qb6 8. a3
Qc5 9. Bxf6 Nxf6 10. Bb3 e6 11. Qd3 Be7 12. O-O-O Bd7 13. h3 g5 14. g3 O-O-O 15.
f4 gxf4 16. gxf4 Kb8 17. f5 Qe5 18. Kb1 Nh5 19. Qf3 Nf6 20. Rhe1 Rde8 21. Qe3
Rhf8 22. fxe6 fxe6 23. Bxe6 Bxe6 24. Nc6+ bxc6 25. Qb6+ Kc8 26. Qxc6+ Kb8 27.
Qb6+ Kc8 28. Qxa6+ Kb8 29. Qb6+ Kc8 30. Nb5 Qc5 31. Na7+ 1-0

[Event "Moscow Open A 2013"]
[Site "Moscow RUS"]
[Date "2013.02.05"]
[Round "4.12"]
[Board "12"]
[White "Khusnutdinov, Rustam"]
[Black "Kovalenko, Igor"]
[Result "0-1"]
[WhiteTitle "GM"]
[BlackTitle "GM"]
[WhiteElo "2493"]
[BlackElo "2586"]
[WhiteFideId "13701703"]
[BlackFideId "14117908"]
[EventDate "2013.02.02"]

1. d4 Nf6 2. c4 e6 3. Nc3 Bb4 4. e3 c5 5. Bd3 Bxc3+ 6. bxc3 Nc6 7. Ne2 b6 8. e4
d6 9. O-O Bb7 10. f4 Na5 11. e5 Ng4 12. Qc2 f5 13. exf6 Nxf6 14. f5 e5 15. dxe5
dxe5 16. Ng3 h6 17. Re1 O-O 18. Rxe5 Ng4 19. Re6 Qh4 20. Nf1 Rad8 21. Be3 Bc8
22. Rg6 Kh8 23. h3 Ne5 24. Bf2 Qe7 25. Re1 Rxd3 26. Qxd3 Bxf5 27. Qd6 Qxd6 28.
Rxd6 Naxc4 29. Rdd1 Nd3 30. Re2 Bg6 31. Ng3 Kh7 32. Rf1 Rf7 33. Be3 Rd7 34. Rf8
a5 35. Bf4 Bf7 36. Be3 a4 37. Bf2 a3 38. Nf5 Nc1 39. Rc2 Rd1+ 40. Kh2 Bg6 41. g4
h5 42. Ra8 hxg4 43. hxg4 Nd3 44. Ra7 Nde5 45. Kg3 Bxf5 46. gxf5 Kh6 47. Kf4 g5+
48. fxg6 Kxg6 49. Bg3 Kf6 50. Re2 Ke6 51. Kg5 Rg1 52. Kh4 Kd5 53. Bxe5 Nxe5 54.
Rxa3 Ng6+ 0-1

[Event "Moscow Open A 2013"]
[Site "Moscow RUS"]
[Date "2013.02.05"]
[Round "4.13"]
[Board "13"]
[White "Savchenko, Boris"]
[Black "Matinian, Nikita"]
[Result "1/2-1/2"]
[WhiteTitle "GM"]
[BlackTitle "IM"]
[WhiteElo "2584"]
[BlackElo "2460"]
[WhiteFideId "4147332"]
[BlackFideId "24129100"]
[EventDate "2013.02.02"]

1. Nf3 Nf6 2. g3 g6 3. c4 Bg7 4. Nc3 O-O 5. e4 d6 6. d4 Bg4 7. h3 Bxf3 8. Qxf3
Nc6 9. d5 Nd4 10. Qd1 c5 11. dxc6 Nxc6 12. Be3 Rc8 13. Bg2 Nd7 14. Rc1 Nde5 15.
Bf1 Nb4 16. a3 Na6 17. Nb5 Nc5 18. b4 Nxe4 19. Nxa7 Ra8 20. Bg2 Nc5 21. O-O Rxa7
22. bxc5 Rxa3 23. cxd6 exd6 24. Bxb7 Qd7 25. Bg2 Rc8 26. Qd5 Ra4 27. c5 dxc5 28.
Rxc5 Rxc5 29. Qxc5 Rc4 30. Qb6 Rc8 31. Bf4 h5 32. Rb1 Qd3 33. Qb7 Rd8 34. Be4
Qd7 35. Kg2 Qxb7 36. Rxb7 Rd4 37. Bb1 Nd3 38. Be3 Rb4 39. Rxb4 Nxb4 40. Be4 Na6
41. f4 Bf6 42. Bb6 Nb8 43. Bc7 Nd7 44. Bd6 Kg7 45. Kf3 Nf8 46. Bd5 Nd7 47. Bc6
Nf8 48. Ke4 Ne6 49. Bd7 Nf8 50. Bc8 Nh7 51. Bb4 Bb2 52. Bb7 Nf6+ 53. Kd3 Ng8 54.
Bd6 Nh6 55. Bc8 Kh7 56. Ke4 Bc3 57. Be5 Bxe5 58. fxe5 Kg7 59. Kd5 Kf8 60. Kd6
Ng8 61. Bb7 Ne7 62. Be4 Ke8 63. e6 Nc8+ 64. Kc7 Ne7 65. Kd6 Nc8+ 66. Ke5 Ke7 67.
exf7 Kxf7 68. Bd5+ Ke7 69. Be4 1/2-1/2

[Event "Moscow Open A 2013"]
[Site "Moscow RUS"]
[Date "2013.02.05"]
[Round "4.14"]
[Board "14"]
[White "Aghasaryan, Robert"]
[Black "Maletin, Pavel"]
[Result "0-1"]
[WhiteTitle "FM"]
[BlackTitle "GM"]
[WhiteElo "2425"]
[BlackElo "2571"]
[WhiteFideId "13302841"]
[BlackFideId "4146786"]
[EventDate "2013.02.02"]

1. d4 Nf6 2. c4 g6 3. Nc3 d5 4. Nf3 Bg7 5. Bg5 Ne4 6. cxd5 Nxg5 7. Nxg5 e6 8.
Nf3 exd5 9. e3 O-O 10. Be2 c6 11. O-O Be6 12. Qb3 Qb6 13. Qc2 Bf5 14. Qd2 Nd7
15. Na4 Qd8 16. Rfc1 Qe7 17. Ne1 Rae8 18. b4 a6 19. Nc5 Nxc5 20. Rxc5 Bd7 21.
Bf1 f5 22. Nd3 g5 23. Re1 Qd6 24. f4 gxf4 25. Nxf4 Rxe3 26. Qxe3 Re8 27. Qxe8+
Bxe8 28. Rxe8+ Kf7 29. Re5 Bxe5 30. dxe5 Qxe5 31. Nd3 Qd4+ 32. Kh1 Qa1 33. Kg1
Qxa2 34. g3 Qd2 35. Rc1 Ke7 36. Re1+ Kd6 37. Re5 a5 38. bxa5 c5 39. Rxf5 c4 40.
Rf6+ Ke7 41. Rf2 Qxa5 42. Nf4 Kd6 43. Bg2 Qa1+ 44. Rf1 Qa7+ 45. Kh1 d4 46. h4 b5
47. Re1 d3 48. Re6+ Kc5 49. Re5+ Kb4 50. Rd5 Kc3 51. Rxb5 Qa1+ 52. Kh2 d2 53.
Bf3 d1=Q 54. Bxd1 Qxd1 55. Kg2 Qd7 56. Rd5 Qc6 57. Kf2 Kb3 58. Rd4 Qf6 59. Ke3
c3 60. Ne2 c2 61. Rf4 Qb6+ 62. Kf3 Kb2 63. Re4 Qc6 64. Ke3 c1=Q+ 65. Nxc1 Kxc1
66. Rf4 Qg2 67. Rf3 Kd1 68. Kf4 Ke2 69. Re3+ Kf2 70. Rd3 Qc6 71. Rd2+ Kg1 72.
Rd3 Kg2 73. Re3 Qc4+ 74. Re4 Qf7+ 0-1

[Event "Moscow Open A 2013"]
[Site "Moscow RUS"]
[Date "2013.02.06"]
[Round "5.4"]
[Board "4"]
[White "Yilmaz, Mustafa"]
[Black "Kokarev, Dmitry"]
[Result "0-1"]
[WhiteTitle "GM"]
[BlackTitle "GM"]
[WhiteElo "2531"]
[BlackElo "2635"]
[WhiteFideId "6302718"]
[BlackFideId "4132181"]
[EventDate "2013.02.02"]

1. d4 g6 2. e4 Bg7 3. Nc3 c6 4. Nf3 d6 5. Be2 Nf6 6. O-O O-O 7. a4 Nbd7 8. a5
Qc7 9. Be3 Rb8 10. d5 Nc5 11. Nd2 b6 12. axb6 axb6 13. Bf3 Bb7 14. Re1 Nfd7 15.
Bg5 Rfe8 16. Ra3 h6 17. Be3 Ra8 18. Rxa8 Rxa8 19. Qc1 b5 20. dxc6 Bxc6 21. Be2
Qb7 22. Nd5 Bxd5 23. exd5 Ra2 24. Nf3 h5 25. Bd4 Nf6 26. Qb1 Ra8 27. Qd1 Rb8 28.
c4 bxc4 29. Bxc4 Qb4 30. Qc2 Nfd7 31. Bxg7 Kxg7 32. Rxe7 Qxb2 33. Qxb2+ Rxb2 34.
h4 Nb6 35. Bf1 Nxd5 36. Re1 Nf6 37. Ng5 Kf8 38. Rc1 Ng4 39. Nh3 Rd2 40. g3 Ne4
41. Rc8+ Kg7 42. Rc7 Nexf2 43. Nxf2 Rxf2 44. Bh3 Rf3 45. Kg2 Ne5 0-1

[Event "Moscow Open A 2013"]
[Site "Moscow RUS"]
[Date "2013.02.06"]
[Round "5.5"]
[Board "5"]
[White "Meribanov, Vitaly"]
[Black "Svetushkin, Dmitry"]
[Result "1/2-1/2"]
[WhiteTitle "FM"]
[BlackTitle "GM"]
[WhiteElo "2426"]
[BlackElo "2612"]
[WhiteFideId "13504363"]
[BlackFideId "13900463"]
[EventDate "2013.02.02"]

1. e4 e5 2. Nf3 Nc6 3. Bb5 Nf6 4. O-O Nxe4 5. d4 Nd6 6. Bxc6 dxc6 7. dxe5 Nf5 8.
Qxd8+ Kxd8 9. Nc3 Bd7 10. b3 Kc8 11. Bb2 Be7 12. Rad1 b6 13. Rd2 h5 14. Rfd1 Be6
15. Ne2 a5 16. Ned4 Nxd4 17. Nxd4 Bg4 18. f3 Bd7 19. e6 fxe6 20. Nf5 exf5 21.
Rxd7 Re8 22. Bxg7 a4 23. Kf1 axb3 24. axb3 Bd6 25. Rf7 Ra2 26. Ra1 Rxa1+ 27.
Bxa1 Bxh2 28. Rxf5 Bg3 29. Bc3 h4 30. Rg5 c5 31. Rg4 Re7 32. Re4 Rd7 33. Ke2 Rh7
34. Ke3 Kd7 35. Be5 Bxe5 36. Rxe5 h3 37. gxh3 Rxh3 38. Kf4 c4 39. bxc4 Rh4+ 40.
Kg5 Rxc4 41. Re2 Rc3 42. f4 b5 43. f5 b4 44. f6 Rf3 45. Kg6 c5 46. f7 Rg3+ 47.
Kh7 Rh3+ 48. Kg7 Rg3+ 49. Kf8 b3 50. Re7+ Kc6 51. Ke8 Rf3 52. cxb3 Rxb3 53. f8=Q
Rb8+ 54. Kf7 Rxf8+ 55. Kxf8 Kd5 56. Rd7+ Ke4 57. Ke7 c4 58. Kd6 c3 59. Rh7 c2
60. Rh1 Kd3 61. Kd5 1/2-1/2

[Event "Moscow Open A 2013"]
[Site "Moscow RUS"]
[Date "2013.02.06"]
[Round "5.9"]
[Board "9"]
[White "Najer, Evgeniy"]
[Black "Chernobay, Artem"]
[Result "1-0"]
[WhiteTitle "GM"]
[BlackTitle "GM"]
[WhiteElo "2647"]
[BlackElo "2499"]
[WhiteFideId "4118987"]
[BlackFideId "4167406"]
[EventDate "2013.02.02"]

1. e4 c5 2. Nf3 d6 3. d4 cxd4 4. Nxd4 Nf6 5. Nc3 a6 6. Be3 e5 7. Nf3 Be7 8. Bc4
O-O 9. O-O Nc6 10. Bb3 Na5 11. Bg5 Be6 12. Qd3 Nh5 13. Bxe6 fxe6 14. Bd2 Qc8 15.
b3 Nc6 16. Ne2 b5 17. c4 bxc4 18. Qxc4 Qd7 19. Rac1 Rfc8 20. Qa4 Nf6 21. Ng3 Qb7
22. Rc3 Nd8 23. Rfc1 Rxc3 24. Rxc3 Rc8 25. h3 Nf7 26. Rxc8+ Qxc8 27. Qb4 Bf8 28.
Qc3 Qb7 29. Qc2 d5 30. Ng5 Nxg5 31. Bxg5 Nd7 32. Be3 Be7 33. Kh2 Bh4 34. exd5
Bxg3+ 35. Kxg3 exd5 36. f4 exf4+ 37. Bxf4 Nf6 38. Qc7 Ne4+ 39. Kf3 Qb5 40. Ke3
Qe8 41. Kd4 Qe6 42. Qd8+ Kf7 43. Qxd5 Qxd5+ 44. Kxd5 Nc3+ 45. Kc4 Ne2 46. Bd2 1-0

[Event "Moscow Open A 2013"]
[Site "Moscow RUS"]
[Date "2013.02.06"]
[Round "5.10"]
[Board "10"]
[White "Stupak, Kirill"]
[Black "Khairullin, Ildar"]
[Result "0-1"]
[WhiteTitle "GM"]
[BlackTitle "GM"]
[WhiteElo "2505"]
[BlackElo "2650"]
[WhiteFideId "13503758"]
[BlackFideId "4151348"]
[EventDate "2013.02.02"]

1. d4 d6 2. g3 g6 3. Bg2 Bg7 4. Nf3 f5 5. O-O Nf6 6. c4 O-O 7. Nc3 c6 8. d5 e5
9. dxe6 Bxe6 10. Qb3 b5 11. Nd2 a6 12. a4 Qa5 13. Ncb1 Nbd7 14. Qd3 d5 15. cxb5
axb5 16. Nb3 Qb6 17. Be3 Qb8 18. Bf4 Ne5 19. Qc2 Ne4 20. f3 Nd6 21. Nc5 Bf7 22.
Nd2 Re8 23. Kh1 bxa4 24. Rxa4 Rxa4 25. Nxa4 Qb5 26. Nc3 Qa6 27. Qa4 Qxa4 28.
Nxa4 Nec4 29. Re1 Nxd2 30. Bxd2 Nc4 31. Bc3 d4 32. Bb4 Ne3 33. Bd2 Bc4 34. Nc5
Nxg2 35. Kxg2 Rxe2+ 36. Rxe2 Bxe2 37. Kf2 Bc4 38. b3 Bd5 39. Bf4 Kf7 40. Bd6 g5
41. b4 Bc4 42. Ke1 h5 43. Kd2 Bb5 44. Bc7 Bf6 45. Nd7 Bg7 46. Nc5 g4 47. f4 Ke7
48. Be5 Bxe5 49. fxe5 Bc4 50. Ke1 Kf7 51. Kd1 Kg6 52. Kd2 f4 53. gxf4 Kf5 54.
Ke1 h4 55. Kf2 d3 56. Ke3 g3 57. hxg3 hxg3 58. Nxd3 Bxd3 59. Kf3 g2 0-1

[Event "Moscow Open A 2013"]
[Site "Moscow RUS"]
[Date "2013.02.06"]
[Round "5.11"]
[Board "11"]
[White "Iturrizaga, Eduardo"]
[Black "Predke, Alexandr"]
[Result "1-0"]
[WhiteTitle "GM"]
[WhiteElo "2646"]
[BlackElo "2480"]
[WhiteFideId "3901211"]
[BlackFideId "24107581"]
[EventDate "2013.02.02"]

1. Nf3 d5 2. d4 Nf6 3. c4 e6 4. Nc3 c6 5. Bg5 dxc4 6. e4 b5 7. e5 h6 8. Bh4 g5
9. Nxg5 hxg5 10. Bxg5 Nbd7 11. g3 Bb7 12. exf6 Qb6 13. Bg2 c5 14. d5 O-O-O 15.
O-O b4 16. Rb1 Ne5 17. Qe2 Bd6 18. f4 Nd3 19. dxe6 Bxg2 20. Qxg2 fxe6 21. Qe4
Bc7 22. Ne2 Qa6 23. h4 Rd5 24. h5 Rxh5 25. f7 Qd6 26. Qg6 Rh8 27. Bf6 Rdh5 28.
Bxh8 Rxh8 29. Rf3 Kb7 30. Qg8 Qf8 31. Qxf8 Rxf8 32. b3 Rxf7 33. Kg2 cxb3 34.
Rxd3 bxa2 35. Ra1 c4 36. Rd4 b3 37. Rxc4 Ba5 38. Ra4 b2 39. R4xa2 bxa1=Q 40.
Rxa1 Bb6 41. g4 Kc6 42. Kf3 Rh7 43. g5 Rh2 44. Ng3 Kd7 45. Re1 Rf2+ 46. Kg4 Rg2
47. Kh3 Rg1 48. Re4 Bc7 49. Ne2 Rh1+ 50. Kg4 Bd6 51. g6 Rh8 52. Ra4 Bc5 53. Ra5
Kd6 54. Nc3 Bb6 55. Rh5 Rg8 56. Ne4+ Kc6 57. Rh6 Bd8 58. Ng5 Kd5 59. Rh1 a5 60.
Rd1+ Kc6 61. Kh5 Rh8+ 62. Nh7 Bf6 63. Kh6 Bb2 64. Rd2 Ba1 65. Ra2 Bd4 66. Ra4
Kd5 67. Rxa5+ Ke4 68. Kg5 Kf3 69. Ra3+ 1-0